000
00245nam a22001097a 4500
082
_a
669 COT'T
100
_a
COTTRELL, A. H
_9
54826
245
_a
THEORETICAL STRUCTURAL MTALLURGY
260
_a
LONDON
_b
ELBS
_c
1964
300
_a
251P
942
_c
BK
999
_c
584713
_d
584713